[Event "II Duchamp Open 2018"]
[Site "Rio de Janeiro"]
[Date "2018.11.17"]
[Round "5"]
[White "De Almeida, Roberto A. Ferreira"]
[Black "Teixeira, Ricardo Da Silva"]
[Result "0-1"]
[WhiteElo "1784"]
[BlackElo "2239"]
[Annotator "TA"]
[PlyCount "60"]
[EventDate "2018.11.14"]
[EventType "swiss"]
[EventCountry "BRA"]
[SourceTitle "playchess.com"]
[Source "ChessBase"]
[SourceQuality "1"]

{[%evp 9,60,-32,-25,-32,-31,-64,-65,-70,-39,-43,-37,-60,-37,-81,-27,-29,-23,-33,-4,-151,-148,-153,-146,-139,-144,-142,-139,-141,-133,-175,-152,-217,-218,-216,-222,-221,-220,-214,-208,-204,-191,-620,-611,-695,-694,-701,-691,-615,-599,-825,-777,-693,-671]} 1. e4 Nf6 2. Bc4 Nxe4 3. Bxf7+ Kxf7 4. Qh5+ Kg8 (4... g6 5. Qd5+ e6 6. Qxe4 Bg7 7. Nf3 Rf8 8. d4 Kg8 9. Bg5 d5 10. Qd3 Qd6 11. Nc3 c5 12. O-O-O cxd4 13. Nxd4 {0-1 (46) Milanovic,S (2178)-Varga,Z (2447) Novi Sad 2015}) 5. Qd5+ e6 6. Qxe4 {B02: Alekhine's Defence: Chase Variation and lines with early Nc3} d5 7. Qe2 Nc6 8. Nf3 {Black is slightly better.} Qf6 (8... e5 $5 {[%cal Re5e4]} 9. d3 Bg4 $17) 9. Nc3 a6 10. O-O Bd6 11. d3 Bd7 $146 (11... h6 $17) ({Predecessor:} 11... h6 12. Qd1 {0-1 (33) Amador,S (2330)-Teixeira,R (2295) Rio de Janeiro 1995}) 12. Bg5 $11 Qf7 13. d4 Re8 (13... Qh5 $5 {[%cal Rc6d4]} 14. Be3 Rf8 $15) 14. Ne5 (14. Bh4 $11 {keeps the balance.}) 14... Nxd4 $17 15. Nxf7 Nxe2+ 16. Nxe2 Kxf7 17. Rad1 Rhf8 18. Be3 Kg8 19. f4 Bb5 20. Rd2 (20. Rfe1 $17 {is a better defense.}) 20... e5 $19 21. fxe5 Rxf1+ 22. Kxf1 Bxe5 23. Kf2 Bxe2 ({Don't play} 23... Bxb2 24. c4 $17) 24. Rxe2 Bxb2 {[%mdl 4096] Endgame [#] KRB-KRB} 25. Rd2 $2 (25. c4 $1 {[%mdl 512]} Rf8+ (25... dxc4 26. Rxb2) 26. Kg1) 25... Bc1 {Black is clearly winning.} 26. Rd3 Bxe3+ 27. Rxe3 Rxe3 28. Kxe3 Kf7 29. Kd4 Ke6 30. Kc5 Ke5 {Accuracy: White = 29%, Black = 71%.} 0-1

[Event "II Duchamp Open 2018"]
[Site "Rio de Janeiro"]
[Date "2018.11.18"]
[Round "6"]
[White "Di Berardino, Diego Rafael"]
[Black "Von Buelow, Georg"]
[Result "1-0"]
[WhiteElo "2526"]
[BlackElo "2354"]
[Annotator "TA"]
[PlyCount "97"]
[EventDate "2018.11.14"]
[EventType "swiss"]
[EventCountry "BRA"]
[SourceTitle "playchess.com"]
[Source "ChessBase"]
[SourceQuality "1"]

{[%evp 15,97,72,68,64,57,68,93,111,116,118,115,100,109,116,111,73,76,73,73,79,85,78,88,77,75,50,84,64,75,75,76,66,83,74,100,93,116,116,113,102,117,120,141,127,152,142,158,150,179,95,347,348,320,195,191,178,202,195,196,177,173,170,718,194,227,248,318,255,211,151,657,653,1462,1437,2714,2721,29982,29980,1202,948,807,684,1666,1651]} 1. e4 e5 2. Nf3 Nc6 3. Bb5 Nf6 4. d3 {[%cal Bd2d3,Bd3d4][%mdl 32]} Bc5 5. O-O O-O 6. Bxc6 bxc6 {C65: Ruy Lopez: Berlin Defence (3...Nf6), unusual lines and 4 0-0 Bc5} 7. Nxe5 d5 8. d4 Bb6 {LiveBook: 3 Games. White is better.} 9. exd5 Qxd5 10. Be3 Ba6 11. Re1 $146 ({Predecessor:} 11. c4 Bxc4 12. Nc3 Qe6 13. Re1 Ba6 14. Qf3 {1-0 (47) Andriasian,Z (2619)-Wlodarczyk,R (2264) Warsaw 2011}) 11... Rad8 12. Nc3 Qe6 13. Qf3 Nd5 14. Nxd5 cxd5 15. Rad1 Rfe8 16. h3 f6 17. Nd3 Qd7 18. c3 Re4 19. Rd2 Rde8 20. Red1 Bb7 21. Qg3 R4e7 22. Nc5 Bxc5 23. dxc5 Qa4 24. b3 Qa6 25. Kh2 Bc6 26. Bf4 Qc8 27. Rd4 Bb7 28. R1d3 Ba6 29. Re3 Rxe3 30. Bxe3 c6 31. Ra4 $40 {[%mdl 128] White is out for blood.} Qb7 32. Bh6 ({White should play} 32. c4 $18) 32... Bb5 $2 {[%mdl 8192]} (32... Be2 $16 {was called for.}) 33. Rg4 $18 {[%cal Rg4g7]} Re7 34. a4 Be2 {[#]} 35. Rb4 $1 {[%cal Rb4b7]} Qc7 {Threatens to win with ...Qxg3+.} 36. Rb8+ Kf7 37. Bf4 Qd7 38. Rh8 Qf5 $2 (38... Bh5 39. Bd6 (39. Rxh7 Bg6 $16) 39... Re8 40. Rxh7 Bg6) 39. Ra8 $2 (39. Bd6) 39... g5 40. Bd6 Rb7 41. Rf8+ ({Less strong is} 41. Qe3 Qe4 $16) 41... Kg7 42. Re8 Qd3 $2 (42... Bh5 $16 43. Rb8 Rxb8 44. Bxb8 Qd7) 43. Re3 Qd1 {[#]} 44. Be5 $1 {[%mdl 512] Threatening mate with Qxg5+.} h6 {[#]} (44... fxe5 45. Qxg5+) 45. Bxf6+ $1 {[%mdl 576] Remove Defender, Clearance} Kxf6 46. Qe5+ Kg6 47. Rxe2 {White is clearly winning.} Rf7 48. Qd6+ Kg7 49. Re6 {Accuracy: White = 65%, Black = 32%.} 1-0

[Event "II Duchamp Open 2018"]
[Site "Rio de Janeiro"]
[Date "2018.11.18"]
[Round "6"]
[White "Galego, Luis"]
[Black "Almeida, Gianluca Jorio"]
[Result "1-0"]
[WhiteElo "2479"]
[BlackElo "2109"]
[Annotator "TA"]
[PlyCount "61"]
[EventDate "2018.11.14"]
[EventType "swiss"]
[EventCountry "BRA"]
[SourceTitle "playchess.com"]
[Source "ChessBase"]
[SourceQuality "1"]

{[%evp 18,61,-19,-22,19,-27,10,18,22,25,32,4,119,114,117,117,135,134,175,182,182,180,160,153,161,161,161,173,219,129,345,354,348,350,327,331,715,711,733,732,729,717,724,710,710,710]} 1. e4 c5 2. Nf3 e6 3. Nc3 a6 4. g3 Nc6 5. Bg2 Nf6 6. O-O d6 7. d3 Be7 8. Ng5 h6 {B50: Sicilian: 2...d6, Miscellaneous} 9. Nh3 O-O (9... Qc7 10. f4 b5 11. a3 Bb7 12. g4 Nd7 13. f5 Nde5 14. Nf4 Nd4 15. Nce2 exf5 16. gxf5 Bg5 17. Ng3 b4 18. c3 bxc3 19. bxc3 {1-0 (44) Shabalov,A (2544)-Ramirez Alvarez,A (2568) chess.com INT 2018}) 10. f4 {[%cal Bf2f4,Bf4f5,Bf5f6][%mdl 32] LiveBook: 3 Games} Nd4 {The position is equal.} 11. g4 $146 ({Predecessor:} 11. Ne2 e5 12. c3 Nxe2+ 13. Qxe2 {1-0 (50) Schebler,G (2402)-Luong,P (2148) Ho Chi Minh City 2017}) 11... e5 12. f5 Nh7 13. Nd5 Bh4 $1 14. Kh1 Ng5 (14... b5 $11 {remains equal.}) 15. c3 $16 {Strongly threatening Nxg5.} Nc6 16. f6 Nxh3 17. Bxh3 g5 18. Ne3 {Black must now prevent Ng2.} Kh7 19. Ng2 Rg8 20. Nxh4 gxh4 21. Qe1 {Threatens to win with Bxh6!} Rg6 22. Qxh4 Be6 {[#]} 23. Be3 (23. g5 $1 $18 Bxh3 24. Qxh3) 23... Qd7 $2 {[#]} (23... d5 $16 {keeps fighting.}) 24. Rf5 $1 $18 {[%mdl 512] Threatening mate with Rh5.} Rh8 (24... Bxf5 25. gxf5) 25. Rh5 {[%cal Rh5h6]} Kg8 26. Rg1 {[%cal Re3h6]} ({Not} 26. Rxh6 Rhxh6 27. Bxh6 Bxg4 $16) ({Weaker is} 26. Bxh6 Bxg4 27. Qxg4 Qxg4 $16) 26... Kf8 $2 (26... Qd8 27. g5 (27. Bxh6 Qxf6 28. Bg5 Qg7 $16) 27... Qd7 28. Bxe6 Qxe6 29. gxh6 Kh7) 27. Bxh6+ {White is clearly winning.} Ke8 28. Bg7 {[%cal Rh5h8]} Rxh5 29. gxh5 {[%cal Bg4h5,Bh5h6][%mdl 32]} ({Less strong is} 29. Qxh5 Kd8 $16) 29... Rxg1+ 30. Kxg1 Bxh3 31. h6 {Precision: White = 84%, Black = 45%.} 1-0

[Event "II Duchamp Open 2018"]
[Site "Rio de Janeiro"]
[Date "2018.11.18"]
[Round "6"]
[White "Matsuura, Everaldo"]
[Black "Rodriguez Vila, Andres"]
[Result "1-0"]
[WhiteElo "2476"]
[BlackElo "2482"]
[Annotator "RC"]
[PlyCount "77"]
[EventDate "2018.11.14"]
[EventType "swiss"]
[EventCountry "BRA"]
[SourceTitle "playchess.com"]
[Source "ChessBase"]
[SourceQuality "1"]
[TimeControl "5400+30"]

1. e4 {[%emt 0:17:08]} d6 {[%emt 0:00:00]} 2. d4 {[%emt 0:00:14]} Nf6 {[%emt 0:00:00]} 3. Nc3 {[%emt 0:00:09]} c6 {[%emt 0:00:00]} 4. f4 {[%emt 0:00:54]} Bg4 {[%emt 0:00:29]} 5. Qd3 {[%emt 0:03:54]} Na6 {[%emt 0:00:34]} 6. h3 {[%emt 0:01:17]} Nb4 {[%emt 0:02:56]} 7. Qd2 {[%emt 0:01:18]} Bd7 {[%emt 0:00:25]} 8. a3 {[%emt 0:03:12]} Qa5 {[%emt 0:00:43]} 9. Rb1 {[%emt 0:11:00]} Na6 {[%emt 0:00:05]} 10. b4 {[%emt 0:04:02]} Qh5 {[%emt 0:01:05]} 11. Qf2 {[%emt 0:09:59]} e5 {[%emt 0:17:26]} 12. dxe5 {[%emt 0:08:59]} dxe5 {[%emt 0:00:25]} 13. f5 {[%emt 0:03:12]} g5 {[%emt 0:00:30]} 14. Nf3 {[%emt 0:07:20]} Rg8 {[%emt 0:03:56]} 15. Be2 {[%emt 0:02:58]} Qh6 {[%emt 0:11:26]} 16. h4 {[%emt 0:05:40]} Be7 {[%emt 0:00:50]} 17. Qg1 {[%emt 0:01:44]} Nxe4 {[%emt 0:04:27]} 18. Nxe4 {[%emt 0:01:12]} Bxf5 {[%emt 0:00:03]} 19. hxg5 {[%emt 0:07:33]} Qe6 {[%emt 0:00:06]} 20. Qe3 {[%emt 0:01:26]} Nc7 {[%emt 0:01:24]} 21. c4 {[%emt 0:00:14]} O-O-O {[%emt 0:00:32]} 22. Rb2 {[%emt 0:00:24]} Kb8 {[%emt 0:11:38]} 23. Rd2 {[%emt 0:00:05]} Rde8 {[%emt 0:06:57]} 24. Rd1 {[%emt 0:03:57]} Bg6 {[%emt 0:05:44]} 25. Kf1 {[%emt 0:02:20]} Qf5 {[%emt 0:04:34]} 26. Ng3 {[%emt 0:01:17]} Qc8 {[%emt 0:00:18]} 27. Bb2 {[%emt 0:00:39]} Bc2 {[%emt 0:04:30]} 28. Rd2 {[%emt 0:00:57]} e4 {[%emt 0:04:21]} 29. Rxc2 {[%emt 0:00:06]} exf3 {[%emt 0:00:02]} 30. Qxf3 {[%emt 0:00:07]} Rxg5 {[%emt 0:00:10]} 31. Bd3 {[%emt 0:00:22]} Rd8 {[%emt 0:03:59]} 32. Rh5 {[%emt 0:00:25]} Rg6 {[%emt 0:07:43]} 33. Bxg6 {[%emt 0:01:05]} fxg6 {[%emt 0:00:43]} 34. Rxh7 {[%emt 0:00:22]} Qe6 {[%emt 0:04:59]} 35. Re2 {[%emt 0:00:34]} Qxc4 {[%emt 0:03:02]} 36. Rhxe7 {[%emt 0:00:15]} Nd5 {[%emt 0:00:31]} 37. R7e4 {[%emt 0:00:48]} Qb5 {[%emt 0:00:01]} 38. Kg1 {[%emt 0:00:24]} g5 {[%emt 0:00:30]} 39. Re8 {[%emt 0:00:25]} 1-0

[Event "II Duchamp Open 2018"]
[Site "Rio de Janeiro"]
[Date "2018.11.18"]
[Round "6"]
[White "Perdomo, Leandro"]
[Black "Urquiza, Marcello de Albuque"]
[Result "1-0"]
[WhiteElo "2476"]
[BlackElo "2018"]
[Annotator "TA"]
[PlyCount "45"]
[EventDate "2018.11.14"]
[EventType "swiss"]
[EventCountry "BRA"]
[SourceTitle "playchess.com"]
[Source "ChessBase"]
[SourceQuality "1"]

{[%evp 25,45,11,8,2,4,11,39,29,143,152,300,295,298,285,291,270,280,290,399,207,401,393]} 1. d4 d5 2. c4 dxc4 3. e3 Nf6 4. Bxc4 e6 5. Nf3 c5 6. O-O a6 7. Bb3 Nc6 8. Nc3 Be7 9. Qe2 cxd4 {D27: Queen's Gambit Accepted: Classical main line: 7 e4!? and 7 a4} 10. Rd1 e5 (10... O-O 11. Nxd4 Nxd4 12. exd4 Nd5 13. Qf3 Nxc3 14. bxc3 Qc7 15. Bf4 Bd6 16. Bxd6 Qxd6 17. c4 Rb8 18. Rac1 Bd7 19. c5 Qc7 20. d5 exd5 21. Bxd5 {½-½ (46) Leko,P (2738)-Karpov,A (2668) Miskolc 2006}) 11. exd4 exd4 12. Nxd4 Nxd4 13. Qe5 Qd6 {LiveBook: 11 Games} 14. Qxd6 Bxd6 15. Rxd4 Bc5 (15... Be5 $5 {[%cal Re5d4]} 16. Rb4 O-O $11) 16. Rc4 Be7 $146 (16... b6 $11 {remains equal.}) ({Predecessor:} 16... b6 17. Ne4 Be6 18. Nxf6+ gxf6 {1-0 (45) Szeberenyi,A (2321)-Lyell,M (2245) Budapest 2013}) 17. Rc7 $16 Nd7 (17... Be6 $16) 18. Bf4 $18 g5 19. Nd5 gxf4 20. Re1 Kd8 {[#] ...Bd6 is the strong threat.} 21. Rxe7 Re8 22. Rxe8+ Kxe8 23. Rxd7 {[%mdl 64] Clearance} 1-0

[Event "II Duchamp Open 2018"]
[Site "Rio de Janeiro"]
[Date "2018.11.18"]
[Round "6"]
[White "Romanishin, Oleg M"]
[Black "Roselli Mailhe, Bernardo"]
[Result "1/2-1/2"]
[WhiteElo "2435"]
[BlackElo "2421"]
[Annotator "TA"]
[PlyCount "120"]
[EventDate "2018.11.14"]
[EventType "swiss"]
[EventCountry "BRA"]
[SourceTitle "playchess.com"]
[Source "ChessBase"]
[SourceQuality "1"]

{[%evp 22,120,63,27,16,10,41,33,48,41,35,18,58,19,27,39,34,37,224,197,204,198,181,207,155,153,409,440,419,235,239,64,87,77,93,92,81,88,98,88,96,87,81,94,120,66,69,67,138,116,99,64,62,68,371,65,176,83,70,48,48,39,73,46,67,27,27,27,30,30,93,93,93,93,93,93,93,74,74,75,93,93,93,93,93,93,93,93,93,93,94,93,93,18,18,18,18,25,26,0,26]} 1. Nf3 Nf6 2. g3 g6 3. Bg2 Bg7 4. c4 O-O 5. O-O d6 6. d4 c5 7. b3 Nc6 8. Bb2 Ne4 9. Nbd2 Bf5 10. Nh4 Nxd2 11. Qxd2 Bd7 12. e3 {LiveBook: 3 Games} cxd4 {E60: King's Indian: Unusual lines and Fianchetto Variation without Nc3} 13. exd4 a5 $146 ({Predecessor:} 13... e5 14. d5 Nd4 15. f4 Qb6 16. Kh1 Rfe8 17. fxe5 dxe5 18. Rac1 Rac8 19. b4 Qa6 20. c5 Qxa2 {1-0 (45) Demuth,A (2542)-Burnier,D (2305) Flims 2016}) 14. Rad1 Bg4 {White is slightly better.} 15. f3 {[%cal Bf2f3,Bf3f4,Bf4f5,Bf5f6][%mdl 32]} Bc8 16. Kh1 Qb6 17. Bc3 e5 {[%cal Re5d4]} 18. d5 Nd4 19. f4 Qa6 $2 (19... Bg4 $14) 20. Bxd4 $18 exd4 21. f5 Qb6 22. f6 Bh8 23. Rde1 ({Much less strong is} 23. Qxd4 $6 Qxd4 24. Rxd4 g5 $14) 23... Bd7 $2 (23... Qb4 $16 {might work better.} 24. Qxd4 a4) 24. Re7 Qd8 25. Qf4 (25. Qg5 $142) 25... d3 26. Re3 $2 ({Don't take} 26. Qxd6 $6 Bc8 $16) (26. Be4 $18 {Threatens to win with Nxg6!} Bh3 27. Bg2) 26... d2 27. Rd3 ({Don't play} 27. Qxd6 $6 Bxf6 28. Nf3 Bg5 $11) 27... Re8 28. Rxd2 Re5 {Threatening ...g5.} 29. Nf3 Rf5 30. Qxd6 Rxf6 31. Qc5 b6 32. Qe3 $36 {[%mdl 2048] White is really pushing.} Qf8 33. Re2 (33. Re1 $16) 33... Re8 $14 34. Qd2 Rd8 (34... Rxe2 $14 35. Qxe2 Bg7) 35. Ref2 Qc5 36. Ng5 Rxf2 37. Rxf2 f5 $2 {[%mdl 8192]} (37... Rf8 $14) 38. Re2 $2 ({Only move:} 38. d6 $18 Bf6 39. Bd5+ Kg7 40. Nf7) 38... Bf6 {[#]} ({Better is} 38... Qd4 $14) 39. Qf4 (39. d6 $1 $18) 39... Qd4 $16 40. Qxd4 Bxd4 41. d6 Bf6 42. Bd5+ Kg7 43. Ne6+ Bxe6 $1 44. Rxe6 $11 {[%mdl 4096] Endgame KRB-KRB} Bd4 45. Re7+ Kf8 (45... Kf6 $11 {keeps the balance.}) 46. Rf7+ $16 Ke8 47. Rxh7 Rxd6 48. Kg2 Kf8 49. Rf7+ Ke8 {[#] ...Rxd5! is the strong threat.} 50. Rb7 Kd8 51. h4 Rf6 52. Kf3 Be5 53. Rh7 Bb2 54. Rf7 Ke8 55. Rb7 Kf8 56. a4 Ba3 57. g4 (57. Rh7 $16) 57... fxg4+ $11 58. Kxg4 Bc1 59. Rb8+ Ke7 60. Rb7+ Kf8 {Precision: White = 44%, Black = 50%.} 1/2-1/2

[Event "II Duchamp Open 2018"]
[Site "Rio de Janeiro"]
[Date "2018.11.18"]
[Round "6"]
[White "Menna Barreto, Felipe Kubiaki"]
[Black "Hoffman, Alejandro"]
[Result "1-0"]
[WhiteElo "2342"]
[BlackElo "2479"]
[Annotator "TA"]
[PlyCount "59"]
[EventDate "2018.11.14"]
[EventType "swiss"]
[EventCountry "BRA"]
[SourceTitle "playchess.com"]
[Source "ChessBase"]
[SourceQuality "1"]

{[%evp 19,59,37,50,47,43,0,12,10,20,12,12,0,20,19,20,6,27,19,35,16,14,7,12,3,36,17,57,0,29,23,35,9,0,6,34,0,35,35,427,419,404,397]} 1. c4 e6 2. Nf3 d5 3. g3 Nf6 4. Bg2 Be7 5. O-O O-O 6. b3 b6 7. Bb2 Bb7 8. e3 Nbd7 9. Nc3 Nc5 10. d4 Nce4 11. Nxe4 {A14: English Opening: 1...e6 with b3 by White} Nxe4 12. Nd2 (12. Qe2 a5 13. a4 Bb4 14. Ne5 f5 15. Rfd1 Qe7 16. Rac1 Bd6 17. Nd3 c6 18. Qe1 Rfb8 {1-0 (70) Li,C (2693)-Rozentalis,E (2592) Queenstown 2012}) 12... Nxd2 $146 ({Predecessor:} 12... f5 13. Rc1 c5 14. Nxe4 dxe4 15. dxc5 bxc5 16. Qxd8 Rfxd8 17. Rfd1 Kf7 18. Kf1 a5 19. Rxd8 Rxd8 {½-½ (39) Harika,D (2505)-Koneru,H (2581) Beijing 2014}) 13. Qxd2 {The position is equal.} a5 14. Qc2 Qd7 15. Rfd1 Ra7 16. Rac1 Rc8 17. c5 {c6 is the strong threat.} bxc5 18. dxc5 {Threatens to win with c6.} c6 19. Qe2 Qd8 20. e4 Ba6 21. Qg4 {[%csl Gb2][%cal Rg4g7]} Qf8 22. h4 $40 {[%mdl 128] White mounts an attack.} Rb8 23. Be5 (23. Qf4 $14) 23... Rb5 24. exd5 exd5 25. Bf1 Rb4 ({Wrong is} 25... Rxc5 $2 26. Bxa6 f6 27. Bd4 $18) 26. Rd4 {aiming for Bxa6.} Bc8 27. Qe2 (27. Qf4 $5) 27... Bxc5 28. Rxb4 axb4 $4 {[%mdl 8192] [#]} ({Better is} 28... Bxb4 $14 29. Rxc6 Re7) 29. Rxc5 $1 $18 {[%mdl 576] Remove Defender} Qxc5 {[#]} 30. Bd4 $1 {[%mdl 576] Skewer. Accuracy: White = 50%, Black = 35%.} 1-0

[Event "II Duchamp Open 2018"]
[Site "Rio de Janeiro"]
[Date "2018.11.18"]
[Round "6"]
[White "Rodi, Luis Ernesto"]
[Black "Lima, Darcy"]
[Result "1/2-1/2"]
[WhiteElo "2327"]
[BlackElo "2550"]
[Annotator "TA"]
[PlyCount "106"]
[EventDate "2018.11.14"]
[EventType "swiss"]
[EventCountry "BRA"]
[SourceTitle "playchess.com"]
[Source "ChessBase"]
[SourceQuality "1"]

{[%evp 12,106,13,14,17,16,16,20,41,9,7,0,0,0,0,-43,-22,-31,-43,-47,-34,-33,-35,-77,0,-60,0,-197,-131,-219,-231,-345,-329,-418,-271,-594,-582,-517,-285,-274,-253,-335,-345,-410,-383,-362,-282,-362,-283,-422,-389,-559,0,-316,-295,-306,-238,-245,-189,-173,0,0,0,0,0,0,0,0,0,0,33,0,0,0,0,0,0,0,0,0,0,0,0,0,0,0,0,0,0,0,45,0,0,0,0,0,0]} 1. e4 g6 2. d4 Bg7 3. c3 d6 4. Bc4 Nf6 5. Qe2 e5 6. dxe5 {B06: Modern Defence} dxe5 7. Nf3 {LiveBook: 9 Games} Qe7 8. O-O O-O 9. Rd1 b6 $146 ({Predecessor:} 9... Nbd7 10. Nbd2 Nc5 11. b4 Na4 12. Nb1 Bg4 13. Bb3 Nb6 {1-0 (65) Rodi,L (2354)-Martins,S (2033) Cuiaba 2012}) 10. b3 Bb7 11. Ba3 c5 12. Bd3 Nh5 13. Qe3 Nf4 14. Bf1 Bh6 15. Qe1 f5 16. Nbd2 $1 Nd7 17. g3 {[#]} Nh5 (17... Nf6 $1 $17 {[%cal Rf5e4]} 18. exf5 (18. gxf4 Bxf4 19. Bc4+ Kh8 $14) 18... N4d5) 18. Bg2 (18. exf5 $11 e4 19. Nh4) 18... Rae8 ({Better is} 18... Ndf6 $15 19. exf5 e4) 19. exf5 $2 (19. Bc1 $1 $11 {and White is okay.}) 19... e4 $36 {[%mdl 2048] Black is in control.} (19... gxf5 20. Nc4 $11) 20. Nh4 (20. Nd4 $17 gxf5 21. Nc4) 20... g5 {[%cal Bg6g5,Bg5h4][%mdl 32]} ({And not} 20... gxf5 21. Nc4 $14) 21. Nc4 (21. Nxe4 {was necessary.} Bxe4 22. Qxe4 Qxe4 23. Bxe4 Rxe4 24. Rxd7 gxh4 25. Rxa7) 21... gxh4 22. Nd6 Ndf6 {And now ...e3 would win.} 23. Nxe8 $2 (23. Bc1 Bxc1 24. Nxe8 Rxe8 25. Raxc1) 23... Rxe8 ({Weaker is} 23... Qxe8 24. b4 $17) (23... Nxe8 24. Qe2 $17) 24. Bc1 Bxc1 25. Raxc1 hxg3 26. hxg3 Ng4 27. Qe2 Nhf6 28. Bh3 Ne5 29. Qe3 Qg7 30. c4 (30. Rd6 {is a better defense.} Nd5 31. Qh6) 30... Nfg4 31. Qf4 (31. Bxg4 $142 Qxg4 32. f6) 31... Nf6 32. Qe3 $1 Nf3+ 33. Kf1 Ng5 34. Bg2 Ng4 35. Qf4 Nf3 $2 (35... Nh2+ $19 36. Ke2 Bc8) 36. Bxf3 $1 $14 Nh2+ 37. Kg2 Nxf3 38. f6 Qf7 {[#] aiming for ...e3!} 39. Qg4+ Kh8 $1 40. Rd7 Bc8 41. Rxf7 {[%csl Gf6,Gf7][%cal Rg4g7]} Bxg4 42. Re7 {[%cal Re7e8]} Rf8 43. Rxe4 h5 44. Rf4 Ne5 {...Nd3 is the strong threat.} 45. Rh1 {Strongly threatening Rxg4!} Kg8 {Hoping for ...Nd3.} 46. f3 Nxf3 47. Rxf3 Bxf3+ 48. Kxf3 Rxf6+ $11 {KR-KR} 49. Ke3 Rf5 50. Rd1 Rf7 51. Rh1 Re7+ {The position is equal.} 52. Kf3 Rf7+ 53. Ke3 Re7+ {Precision: White = 41%, Black = 59%.} 1/2-1/2

[Event "II Duchamp Open 2018"]
[Site "Rio de Janeiro"]
[Date "2018.11.18"]
[Round "6"]
[White "Guimaraes, Diogo Duarte"]
[Black "Souza Neves, Andrey M."]
[Result "0-1"]
[WhiteElo "2272"]
[BlackElo "2074"]
[Annotator "TA"]
[PlyCount "88"]
[EventDate "2018.11.14"]
[EventType "swiss"]
[EventCountry "BRA"]
[SourceTitle "playchess.com"]
[Source "ChessBase"]
[SourceQuality "1"]

{[%evp 15,88,13,26,7,0,-19,0,-257,-266,-263,-268,-385,-388,-385,-387,-421,-423,-445,-437,-437,-424,-425,-424,-420,-408,-433,-415,-534,-458,-440,-453,-452,-461,-500,-484,-485,-490,-480,-519,-520,-464,-471,-474,-542,-540,-614,-606,-625,-573,-827,-801,-910,-891,-875,-872,-5498,-4934,-5089,-5310,-2848,-2623,-2056,-2202,-1866,-1758,-5627,-5856,-29987,-29988,-29991,-29992,-29993,-29994,-29994,-29995]} 1. e4 c5 2. Nf3 Nc6 3. d4 cxd4 4. Nxd4 Nf6 5. Nc3 d6 6. Bg5 e6 7. Bb5 Bd7 8. O-O Be7 9. Qd3 {B62: Sicilian: Richter-Rauzer: 6...e6: Unusual White 7th moves} (9. Bxc6 Bxc6 10. Qd3 h6 11. Bh4 a6 12. Rad1 Rc8 13. Nxc6 Rxc6 14. e5 dxe5 15. Qg3 Qb6 16. Qxg7 Rg8 17. Qxh6 Rg6 18. Qh8+ Rg8 19. Qh6 Rg6 20. Qh8+ Rg8 21. Qh6 {½-½ (21) Gadimbayli,A (2415)-Tahbaz,A (2442) Baku 2018}) 9... O-O 10. Rad1 Rc8 11. Qg3 $146 {[%mdl 8192]} (11. Bxc6 $11 {and White is okay.} Bxc6 12. a3 (12. Nxc6 Rxc6 13. Be3 Qa5 $11)) ({Predecessor:} 11. Nf3 a6 12. Bxc6 Bxc6 13. Bxf6 Bxf6 14. Qxd6 Qxd6 15. Rxd6 Bxc3 16. bxc3 Bxe4 {0-1 (33) Lane,T (1479)-Jones,J (1310) IECC email 1998}) 11... Nxd4 $19 {[%mdl 64] Discovered Attack} 12. Rxd4 {[#] Strongly threatening Bxf6.} Rxc3 $1 {[%mdl 576] Remove Defender} 13. bxc3 (13. Qxc3 {was the only chance.} Bxb5 14. Re1) 13... Bxb5 14. c4 {Threatens to win with Bxf6.} e5 15. Bxf6 Bxf6 16. Rdd1 Bxc4 {[%mdl 64] [#] Double Attack} 17. Rfe1 Qb6 18. Qa3 Rd8 19. Rb1 Qa6 20. Qb4 b5 21. Re3 Qc6 22. a4 a6 {[%cal Ba7a6,Ba6b5,Bb5b4][%mdl 32]} 23. Rd1 h6 24. g3 d5 25. exd5 Rxd5 26. Rxd5 Qxd5 27. axb5 axb5 28. Qe1 g6 29. h4 h5 30. f3 Bg7 31. Kg2 Qc5 32. Kh2 b4 33. g4 hxg4 34. fxg4 Bd5 35. Qd2 e4 {[%cal Be5e4,Be4e3,Be3e2][%mdl 32]} 36. Re2 Be5+ 37. Kh3 Qg1 {[%csl Ge5][%cal Rg1g3]} 38. Qe1 Qxe1 39. Rxe1 f5 {[%cal Bf7f5,Bf5f4,Bf4f3][%mdl 32]} 40. Rb1 e3 41. h5 f4 {Black mates.} 42. g5 e2 43. h6 f3 44. h7+ Kxh7 {Accuracy: White = 32%, Black = 93%.} 0-1